000 00497nam a2200181Ia 4500
005 20250508151903.0
008 008 250505s9999 xx 000 0 hin d
037 _aTextual
040 _aFEDL
_beng
_cFEDL
041 _ahin
_2eng
084 _a910.7, PAT
_qFEDL
100 _aPatankar Na. V.
_9760283
245 0 _aBoohgolache adhyapan (Marathi)
260 _aPune India
_bModern Book Depot
_c1954
300 _a157p.
942 _cTEXL
_h910.7, PAT
999 _c1332731
_d1332731